000 00442nam a2200157 4500
001 131116
003 ES-MaACL
005 20230906193922.0
007 t|
008 070214s1912 xxk r ||||1| eng d
100 1 _aRobertson, J. G.
_997857
245 1 0 _aGoethe and the twentieth century /
_cJ. G. Robertson.
260 _aCambridge :
_bCambridge University Press,
_c1912.
300 _a155 p. ;
_c16 x 12 cm.
852 _aES-MaACL
_jD-3293
999 _c131116
_d131116